000 00637nam a2200217Ia 4500
001 17579
003 GE_BSU
008 181216s||||||||xx |||||||||||||| ||und||
040 _cGE_BSU
080 _a821.353.1-1
100 _aივარდავა,დილარ
245 _aგმირული ორატორია
245 _bლექსები
245 _cრედ.:ც.ჩხაიძე; მხატვ.:რ.ხასია
260 _aთბილისი
260 _bნაკადული
260 _c1981
300 _a62გვ. ; 17სმ.
653 _aლექსები
942 _cBK
999 _c50629
_d50629